| 000 | 00449nam a22001817a 4500 | ||
|---|---|---|---|
| 005 | 20231127170754.0 | ||
| 008 | 231127b |||||||| |||| 00| 0 eng d | ||
| 020 | _a9788126515707 | ||
| 082 |
_a547.1223 _bELI-S |
||
| 100 | _aEliel,Ernest L. | ||
| 245 | _aStereochemistry of organic Compounds | ||
| 260 |
_aIndia _bJohn&Wiley _c2014 |
||
| 300 | _a1266 | ||
| 500 | _aInclude Index | ||
| 650 | _aMedical | ||
| 700 | _aErnest L.Eliel | ||
| 999 |
_c34733 _d34733 |
||